Find Your Way Quiz - 8 - Statistics

General Stats
  • This quiz has been taken 39 times
  • The average score is 14 of 20
Answer Stats
Hint Answer % Correct
2) What country is nearest to 'Answer 1'? Malaysia
94%
4) What ocean lies to the east of 'Answer 3'? Atlantic
87%
6) The first 2 letters of 'Answer 5' is the periodic symbol for which element? Copper
84%
3) Which US State abbreviation is the first 2 letters of 'Answer 2' ? Massachusetts
84%
5) The first and last letters of 'Answer 4' stand for Alternating " what " in electronics terminology? Current
77%
1) Which Asian country has English, Malay, Tamil & Mandarin Chinese as official languages? Singapore
77%
18) In which Ocean is 'Answer 17"? Pacific Ocean
74%
9) Add the two numbers of 'Answer 8' together,If A=1 B=2, what then is that number as a letter of the alphabet? K
71%
13) What country starting with 'S' also borders 'Answer 12'? Sweden
68%
15) Using the 'Answer 14' scale, what number is boiling water? 100
65%
16) Beginning at January 1st, what month would you be in after 'Answer 15' days? April
65%
14) What temperature scale was formulated by a citizen of 'Answer 13', and bears his name? Celsius
65%
19) What is the only country in the 'Answer 18' that has a name beginning with 'K'? Kiribati
65%
11) 2 counties names begin with the first 2 letters of 'Answer 10',one is Portugal, what is the other? Poland
65%
12) What sea is to the north of 'Answer 11'? Baltic
61%
7) What is the only element that is a better conductor of electricity than 'Answer 6'? Silver
61%
8) In 'Answer 7' The 3rd - 4th and 2nd letters(in that order) represent what number in Roman numerals? 56
58%
10) What element is 'Answer 9' the symbol of in the periodic table? Potassium
52%
17) Which 'Oceanic' country's capital starts with the first 2 letters of 'Answer 16'? Samoa
52%
20) The last letter of 'Answer 19' is the periodic tables symbol for which element? Iodine
45%
No matching quizzes found
Score Distribution
Percent of People with Each Score
Percentile by Number Answered
Your Score History
You have not taken this quiz